• 首页
  • 本馆介绍
  • 公告通知
  • 最新文献
  • 馆藏检索
  • 电子资源
  • 读者导购
  • 参考咨询
  • 我的图书馆
  • 登录
  • 详细信息显示
  • 放入我的书架
  • 预约/预借图书
  • 作者相关作品
  • 分类相关作品
  • 丛书相关作品
  • 出版社相关作品

书目信息

  • 表格格式
  • 工作单格式
  • 卡片格式
题名:
摄影原理与表现技巧
    
 
作者: 龙吼 , 薛京一 编著
分册:  
出版信息: 西安   陕西人民出版社  1987.10
页数: 408页
开本: 20cm
丛书名:
单 册:
中图分类: TB81
科图分类:
主题词: 摄影--理论
电子资源:
ISBN:
000 00556nam0 2200193 45
001 0312221749
005 20060515161432.81
010    @dCNY3.90
100    @a20031222d1987 km y0chiy0120 ea
101    @achi
200 1  @a摄影原理与表现技巧@AShe Ying Yuan Li Yu Biao Xian Ji Qiao@f龙吼,薛京一编著@FLong Hou,Xue Jing Yi Bian Zhu
210    @a西安@c陕西人民出版社@d1987.10
215    @a408页@c有照片@d20cm
606 0  @a摄影@x理论
690    @aTB81@v3
701 0  @a龙吼@4编著
701 0  @a薛京一@4编著
801    @aCN@bTSTCL@c20060515
905    @a213230@dTB81@e22
    
    摄影原理与表现技巧/龙吼,薛京一编著.-西安:陕西人民出版社,1987.10
    408页:有照片;20cm
    
    
    ISBN :CNY3.90
    
●
相关链接 在E读中查询图书 在五车中查询图书 在当当中查询图书 在豆瓣中查询图书


正题名:摄影原理与表现技巧     索取号:TB81/22         预约/预借

序号 登录号 条形码 馆藏地/架位号 状态 备注
1 0211712   001359853   第二样本阅览室/ [索取号:TB81/22] 在馆    
2 0211713   202337603   密集书库/ [索取号:TB81/22] 在馆    
唐山师范学院图书馆 欢迎您!
大连网信软件有限公司© 版权所有